The Ottoman Empire, 1700-1922 /
المؤلف الرئيسي:
التنسيق: كتاب
اللغة: English
منشور في:
Cambridge, UK ; New York :
Cambridge University Press,
2005.
الطبعة: 2nd ed.
سلاسل:
New approaches to European history ;
34.
الموضوعات:
الوسوم: إضافة وسم
رقم الطلب: DR542 .Q38 2005
| LEADER | 01154namaa2200325 4500 | ||
|---|---|---|---|
| 001 | 12285 | ||
| 003 | OSt | ||
| 005 | 20240925122822.0 | ||
| 008 | 130303s2005 enkab b 001 0 eng d | ||
| 952 | |0 0 |1 0 |2 lcc |4 0 |6 DR0542 Q38 02005 |7 1 |9 58334 |a ARCE |b ARCE |d 2023-12-19 |l 0 |o DR542 .Q38 2005 |p 1010667 |r 2023-12-19 00:00:00 |w 2023-12-19 |y BK | ||
| 999 | |c 10741 |d 10741 | ||
| 010 | |a 2005045559 | ||
| 020 | |a 0521547822 | ||
| 040 | |c ARCE Library | ||
| 043 | |a a-tu--- | ||
| 050 | 4 | |a DR542 .Q38 2005 | |
| 100 | 1 | |a Quataert, Donald, |d 1941-2011, |e author |9 38004 | |
| 245 | 1 | 4 | |a The Ottoman Empire, 1700-1922 / |c Donald Quataert. |
| 250 | |a 2nd ed. | ||
| 264 | 1 | |a Cambridge, UK ; |a New York : |b Cambridge University Press, |c 2005. | |
| 300 | |a xxii, 212 pages : |b illustrations, maps ; |c 24 cm. | ||
| 490 | 1 | |a New approaches to European history ; |v 34. | |
| 504 | |a Includes bibliographical references and index. | ||
| 555 | |a .alaa-sweed | ||
| 651 | 0 | |a Turkey |x History |y 18th century. | |
| 651 | 0 | |a Turkey |x History |y 19th century. | |
| 651 | 0 | |a Turkey |x History |y 20th century. | |
| 830 | 0 | |a New approaches to European history ; |v 34. | |
| 901 | |a reviewed | ||
| 942 | |c BK |2 lcc | ||
